New Zealand Rugby Players in the World Rugby Hall of Fame - Statistics

General Stats
  • This quiz has been taken 44 times
    26 since last reset
  • The average score is 13 of 25
Answer Stats
Year of Induction Hint Individual/Team % Correct
2011 Star of 1995 Rugby World Cup Jonah Lomu
90%
2019 Two time rugby world cup winning captain Richie McCaw
90%
2019 Coached the All Blacks to a World Cup in 2011 Graham Henry
85%
2014 Legendary flanker. The Iceman Michael Jones
85%
2014 There can only be one Pinetree Colin Meads
80%
2011 Captained the winning 1987 Rugby World Cup team David Kirk
80%
2014 Winger and star of the 1987 Rugby World Cup John Kirwan
80%
2014 Long serving 90s captain and hooker Sean Fitzpatrick
80%
2014 Flyhalf and current All Black selector Grant Fox
75%
2011 Former All Black captain who coached 1987 team Brian Lochore
60%
2014 Loose forward and prolific tryscorer of the 1970s Ian Kirkpatrick
55%
2014 Legendary Fullback of Maori ancestry George Nepia
50%
2012 Long term coach of the NZ sevens team Gordon Tietjens
50%
2011 Captain of the 1905 All Blacks Dave Gallaher
45%
2014 Former All Black Captain and Coach. The needle. Fred Allen
45%
2014 Fullback. One of 5 brothers to play for Waikato Don Clarke
40%
2014 Former All Black captain and Hurricanes coach Graham Mourie
40%
2007 Legendary All Black Captain of the 1950s and 60s Wilson Whineray
40%
2019 Debuted as a teenager in 1970. Coached Samoa Bryan Williams
35%
2014 NZ rugby board member, former Black Ferns Captain Farah Palmer
30%
2014 Legendary NZ rugby Journalist T.P McLean
20%
2014 Black Ferns flyhalf who represented NZ for many years Anna Richards
10%
2011 Former All Black Manager and co-founder of the RWC Dick Littlejohn
5%
2008 Captained by man above 1888-1889 NZ Natives
0%
2008 Captained the 1888-89 NZ Natives Team Joseph Warbrick
0%
No matching quizzes found
Score Distribution
Percent of People with Each Score
Percentile by Number Answered
Your Score History
You have not taken this quiz since the last reset